000 00753cam a2200253 4500
008 000000n2002 000 0 eng u
020 _a1860815642
035 _a(Sirsi) u119805
041 _aeng
050 _a691.3
100 _aMatthews, S.
110 _aBuilding Research Establishment
245 _aReinforced autoclaved aerated concrete panels: test results, assessment and design
260 _aLondon
_bCRC Ltd
_c2002
300 _a8p.
_bill.
_c30cm.
490 _aBRE Information Paper
_v7/02
650 _aREINFORCED AUTOCLAVED AERATED CONCRETE
650 _aAERATED SILICATE
650 _aCELLULAR SILICATE
690 _aBUILT ENVIRONMENT-BUILDING MATERIALS
700 _aNarayanan, N.
700 _aGoodier, A.
942 _n0
999 _c102405
_d102405